[Event "POHÁR města Říčany 2022"]
[Site "Městské kulturní středisko U labutě"]
[Date "2022.08.29"]
[Round "4.4"]
[White "Matras, Ondrej"]
[Black "Horak, Jan"]
[Result "1-0"]
[WhiteElo "2184"]
[BlackElo "2155"]
[PlyCount "0"]
[EventDate "2022.08.27"]

1. d4 Nf6 2. c4 c5 3. d5 e6 4. Nc3 exd5 5. cxd5 d6 6. e4 g6 7. f4 Bg7 8. Bb5+
Nfd7 9. a4 O-O 10. Nf3 Na6 11. O-O Nb4 12. Re1 a6 13. Bf1 Re8 14. h3 f5 15. exf5
gxf5 16. Bd2 Nf8 17. Rxe8 Qxe8 18. Qb3 h6 19. Re1 Qd8 20. Ne2 Nh7 21. Ng3 Nf6
22. Nh4 Ne4 23. Nxe4 Qxh4 24. Nxd6 Bd4+ 25. Kh2 Bd7 26. g3 Qf6 27. Nc4 Rd8
28. Ne5 Bc8 29. Bc4 Qd6 30. Bc3 Nxd5 31. Rd1 Be6 32. Bxd4 cxd4 33. Rxd4 Qc5
34. Rd2 b6 35. Qf3 Qb4 36. Re2 b5 37. axb5 axb5 38. Nc6 Qxc4 39. Nxd8 Bf7
40. Nxf7 Kxf7 41. Re5 Nf6 42. Qb7+ Kg6 43. Qxb5 Qd4 44. Re2 Ne4 45. Qe8+ Kh7
46. Qf7+ Kh8 47. Qf8+ 1-0

[Event "POHÁR města Říčany 2022"]
[Site "Městské kulturní středisko U labutě"]
[Date "2022.08.29"]
[Round "4.5"]
[White "Jun, Rudolf"]
[Black "Novotny, Martin"]
[Result "0-1"]
[WhiteElo "2165"]
[BlackElo "2064"]
[PlyCount "0"]
[EventDate "2022.08.27"]

1. e4 e6 2. d4 d5 3. Nd2 c5 4. dxc5 Bxc5 5. exd5 exd5 6. Ngf3 Nf6 7. Bb5+ Nc6
8. O-O O-O 9. h3 h6 10. c3 a6 11. Bd3 Re8 12. Nb3 Bb6 13. Bf4 Ne4 14. Nfd4 Qf6
15. Be3 Bc7 16. Ne2 Ne5 17. f3 Ng5 18. Bxg5 hxg5 19. Nbd4 Nc4 20. Bxc4 dxc4
21. Qd2 Bf5 22. Nxf5 Qxf5 23. Nd4 Qe5 24. f4 gxf4 25. Rae1 Qd6 26. Qf2 Rad8
27. Rxe8+ Rxe8 28. Re1 Re5 29. Kf1 Bb6 30. Qf3 Rxe1+ 31. Kxe1 Bxd4 32. cxd4 Qb4+
33. Kf1 Qxb2 34. Qd5 Qc1+ 35. Ke2 Qc3 36. Kf1 Qd3+ 37. Kf2 g6 38. Qxb7 Qe3+
39. Kf1 Qxd4 40. Qxa6 c3 41. Qe2 Qc5 42. Qc2 Kg7 43. Ke2 Qe3+ 44. Kf1 f3
45. gxf3 Qxf3+ 46. Ke1 Qxh3 47. a4 Qe3+ 48. Kd1 g5 49. a5 Qd4+ 50. Kc1 Qg1+
51. Qd1 Qxd1+ 52. Kxd1 g4 53. a6 g3 54. a7 g2 55. a8=Q g1=Q+ 56. Kc2 Qe3
57. Qg2+ Kh7 58. Qb7 Qd2+ 0-1

[Event "POHÁR města Říčany 2022"]
[Site "Městské kulturní středisko U labutě"]
[Date "2022.08.29"]
[Round "4.6"]
[White "Bezdek, Tomas"]
[Black "Petr, Jakub"]
[Result "0-1"]
[WhiteElo "2034"]
[BlackElo "2220"]
[PlyCount "0"]
[EventDate "2022.08.27"]

1. d4 Nf6 2. c4 g6 3. g3 Bg7 4. Bg2 d5 5. cxd5 Nxd5 6. e4 Nb6 7. Ne2 O-O 8. O-O
Nc6 9. d5 Na5 10. Nbc3 c6 11. b3 cxd5 12. exd5 Bg4 13. Bb2 Nac4 14. bxc4 Nxc4
15. Rb1 Nxb2 16. Rxb2 Bxc3 17. Rxb7 Bf6 18. Qd2 Rb8 19. Rfb1 Qd6 20. h3 Rxb7
21. Rxb7 Qa6 0-1

[Event "POHÁR města Říčany 2022"]
[Site "Městské kulturní středisko U labutě"]
[Date "2022.08.29"]
[Round "4.7"]
[White "Seidl, Jan"]
[Black "Sedy, Pavel"]
[Result "0-1"]
[WhiteElo "1949"]
[BlackElo "2177"]
[PlyCount "0"]
[EventDate "2022.08.27"]

1. e4 e6 2. d4 d5 3. Nc3 Nf6 4. Bg5 Be7 5. e5 Nfd7 6. Bxe7 Qxe7 7. f4 a6 8. Nf3
c5 9. Qd2 Nc6 10. Ne2 b5 11. c3 Rb8 12. g3 a5 13. Bh3 Nb6 14. b3 c4 15. O-O b4
16. Ne1 g6 17. Nc2 Ba6 18. Rf3 h5 19. Rd1 Kd7 20. Ne3 Rhc8 21. f5 gxf5 22. Nxf5
exf5 23. Rxf5 Kc7 24. Rf6 Rf8 25. Qh6 Bb5 26. bxc4 Nxc4 27. Nf4 Rbd8 28. Be6 Ne3
29. Re1 Ng4 30. Bxg4 hxg4 31. c4 dxc4 32. d5 Qc5+ 33. Kg2 Nd4 34. Rd1 Rxd5
35. Rxd4 Rxd4 36. Rxf7+ Rxf7 37. Ne6+ Kb6 38. Nxc5+ Bc6+ 39. Ne4 Rxe4 0-1

[Event "POHÁR města Říčany 2022"]
[Site "Městské kulturní středisko U labutě"]
[Date "2022.08.29"]
[Round "4.8"]
[White "Yagiz, Bora"]
[Black "Krizek, Krystof"]
[Result "0-1"]
[WhiteElo "2154"]
[BlackElo "1961"]
[PlyCount "0"]
[EventDate "2022.08.27"]

1. e4 e5 2. Nf3 Nc6 3. d4 exd4 4. Nxd4 Bc5 5. Nb3 Bb6 6. Nc3 Qf6 7. Qe2 Nge7
8. h4 h6 9. Be3 d6 10. O-O-O Ne5 11. f3 Be6 12. Nd5 Bxd5 13. exd5 O-O 14. Bxb6
axb6 15. Kb1 Ra4 16. h5 Rfa8 17. Nc1 Nc4 18. c3 Nf5 19. Qf2 Nfe3 20. Rh4 c5
21. dxc6 bxc6 22. Bxc4 Nxc4 23. Rdd4 Qf5+ 24. Qc2 Qb5 25. Ka1 d5 26. a3 Nxa3
27. Qf2 Nc2+ 28. Kb1 0-1

[Event "POHÁR města Říčany 2022"]
[Site "Městské kulturní středisko U labutě"]
[Date "2022.08.29"]
[Round "4.9"]
[White "Blumel, Otto"]
[Black "Ocelak, Jakub"]
[Result "0-1"]
[WhiteElo "1907"]
[BlackElo "2149"]
[PlyCount "0"]
[EventDate "2022.08.27"]

1. d4 Nf6 2. Nc3 d5 3. e4 Nxe4 4. Nxe4 dxe4 5. f3 e5 6. Be3 exd4 7. Bxd4 Nc6
8. Be3 Qf6 9. c3 Bd6 10. Qa4 O-O 11. O-O-O Bd7 12. fxe4 Ne5 13. Qc2 Bc6 14. Nh3
Rfe8 15. Be2 Qe6 16. Kb1 Nc4 17. Bd4 Bxe4 18. Bd3 Bxd3 0-1

[Event "POHÁR města Říčany 2022"]
[Site "Městské kulturní středisko U labutě"]
[Date "2022.08.29"]
[Round "4.10"]
[White "Benes, Jachym"]
[Black "Soural, Jan"]
[Result "0-1"]
[WhiteElo "1876"]
[BlackElo "2144"]
[PlyCount "0"]
[EventDate "2022.08.27"]

1. d4 Nf6 2. c4 g6 3. Nc3 d5 4. Bf4 Bg7 5. e3 O-O 6. Nf3 c5 7. Qb3 cxd4 8. Nxd4
Nh5 9. Bg5 h6 10. Bh4 g5 11. Bg3 e5 12. Nc2 Nxg3 13. hxg3 d4 14. Rd1 Qa5
15. exd4 exd4 16. Nxd4 Nc6 17. Nxc6 bxc6 18. Be2 Bf5 19. g4 Bg6 20. Bd3 Rab8
21. Qc2 Rxb2 0-1

[Event "POHÁR města Říčany 2022"]
[Site "Městské kulturní středisko U labutě"]
[Date "2022.08.29"]
[Round "4.11"]
[White "Skypala, Ondrej"]
[Black "Horinek, Karel"]
[Result "1-0"]
[WhiteElo "2140"]
[BlackElo "1946"]
[PlyCount "0"]
[EventDate "2022.08.27"]

1. c4 Nf6 2. g3 g6 3. Bg2 Bg7 4. Nf3 O-O 5. O-O d5 6. cxd5 Nxd5 7. Nc3 c6 8. a3
Nd7 9. Nxd5 cxd5 10. d3 Qb6 11. Rb1 Nf6 12. b4 Bd7 13. Bb2 Rfc8 14. Qb3 e6
15. Bd4 Qd8 16. Rfc1 b6 17. h3 h5 18. Qb2 Qe7 19. Be5 Ne8 20. Bxg7 Nxg7 21. g4
f6 22. g5 fxg5 23. Qd2 g4 24. hxg4 hxg4 25. Ne5 Be8 26. Nxg4 Nh5 27. Qe3 Rd8
28. Qe5 Rd6 29. Rc3 Rad8 30. Rbc1 Qg7 31. Qg5 Kh7 32. Ne5 Qf6 33. Rc7+ Bd7
34. Qxf6 Nxf6 35. Rxa7 Kg7 36. Rcc7 Kf8 37. Nxg6+ Ke8 38. a4 Rc8 39. Rxc8+ Bxc8
40. Re7+ Kd8 41. Rf7 Nd7 42. f4 Kc7 43. b5 Kd8 44. d4 Nb8 45. Ne5 Ke8 46. Ra7
Rd8 47. Rh7 Nd7 48. Ng6 1-0

[Event "POHÁR města Říčany 2022"]
[Site "Městské kulturní středisko U labutě"]
[Date "2022.08.29"]
[Round "4.12"]
[White "Pecka, Jan"]
[Black "Vetrovsky, Michal"]
[Result "0-1"]
[WhiteElo "1840"]
[BlackElo "2122"]
[PlyCount "0"]
[EventDate "2022.08.27"]

1. d4 Nf6 2. c4 e6 3. Bg5 h6 4. Bh4 Be7 5. Nc3 b6 6. Nf3 Bb7 7. e3 d6 8. Bd3
Nbd7 9. Bg3 Nh5 10. e4 Nxg3 11. hxg3 e5 12. d5 Bf6 13. Qd2 Qe7 14. O-O-O O-O-O
15. Kb1 Bg5 16. Qc2 Kb8 17. b4 g6 18. Nd2 Bxd2 19. Qxd2 Qg5 20. Qc2 h5 21. Na4
Qe7 22. Rc1 Rdf8 23. c5 dxc5 24. bxc5 Nxc5 25. Nxc5 Qxc5 26. Qxc5 bxc5 27. Rxc5
f5 28. f3 Rf6 29. Kc2 fxe4 30. Bxe4 Rd8 31. Rb1 Rb6 32. Rcb5 Rdd6 33. Rxb6 axb6
34. Rd1 Kc8 35. f4 exf4 36. gxf4 Rf6 37. g3 Kd7 38. Kc3 c6 39. Kd4 Bc8 40. Rc1
Kd6 41. Rg1 Bf5 42. Rc1 Bd7 43. Rg1 Be8 44. Rc1 h4 45. Ke3 hxg3 46. Kf3 g2
47. Kg4 Rf8 48. Bxg2 Bd7+ 49. Kg3 Ra8 50. Rc2 Ra4 51. Bf3 Rd4 52. Rc3 Ra4 53. a3
Bf5 54. Bd1 Rd4 55. Rxc6+ Kd7 56. Bf3 Rd3 57. a4 Be4 58. Kg4 Bxf3+ 59. Kg5 Bxd5
0-1

[Event "POHÁR města Říčany 2022"]
[Site "Městské kulturní středisko U labutě"]
[Date "2022.08.29"]
[Round "4.13"]
[White "Placer, Sebastian"]
[Black "Voracek, Zdenek"]
[Result "1-0"]
[WhiteElo "2090"]
[BlackElo "1891"]
[PlyCount "0"]
[EventDate "2022.08.27"]

1. d4 d5 2. c4 e6 3. Nf3 Nf6 4. g3 c6 5. Qc2 dxc4 6. Qxc4 b5 7. Qc2 Qb6 8. Bg2
Bb7 9. a4 Nbd7 10. O-O Rc8 11. Qb3 a6 12. Na3 c5 13. axb5 Bd5 14. Qa4 axb5
15. Qxb5 Bxf3 16. exf3 cxd4 17. Qxb6 Nxb6 18. Nb5 Bc5 19. Rd1 Rd8 20. Bf4 Nfd7
21. Bc7 Ra8 22. Bxb6 Rxa1 23. Nc7+ Kd8 24. Nxe6+ Ke7 25. Rxa1 Bxb6 26. Nf4 Kd6
27. Bf1 g5 28. Nd3 Ne5 29. Nxe5 Kxe5 30. Bc4 f5 31. Re1+ Kd6 32. b3 Rf8 33. Re6+
Kc5 34. Bd3 Rd8 35. b4+ Kxb4 36. Rxb6+ Kc3 37. Bxf5 d3 38. Rc6+ Kb2 39. Bxd3
Rxd3 40. Rc5 h6 41. Rc6 Rxf3 42. Rxh6 Kc3 43. Rh5 1-0

[Event "POHÁR města Říčany 2022"]
[Site "Městské kulturní středisko U labutě"]
[Date "2022.08.29"]
[Round "4.14"]
[White "Simecek, Bohumil"]
[Black "Davidek, Zdenek"]
[Result "0-1"]
[WhiteElo "2051"]
[BlackElo "1621"]
[PlyCount "0"]
[EventDate "2022.08.27"]

1. d4 Nf6 2. c4 e6 3. Nc3 Bb4 4. Qc2 d6 5. a3 Bxc3+ 6. Qxc3 O-O 7. Nf3 b6 8. g3
Bb7 9. Bg2 Nbd7 10. O-O Ne4 11. Qc2 f5 12. Ng5 Nxg5 13. Bxb7 Rb8 14. Bg2 Nf7
15. b4 Nf6 16. d5 Qd7 17. dxe6 Qxe6 18. Bb2 Rbe8 19. e3 Ne4 20. f3 Nf6 21. Rfe1
Ne5 22. Rac1 Rd8 23. Qc3 Rd7 24. f4 Ng6 25. e4 fxe4 26. Re3 c6 27. Rf1 Ne7
28. Bxe4 Qf7 29. Bg2 d5 30. Qe1 Nf5 31. Re6 dxc4 32. Bh3 Rd1 33. Qe5 Rd5 34. Qe1
Rd1 35. Qe5 Rd5 36. Qe1 Re8 37. Rxe8+ Qxe8 38. Be5 Nd6 39. Bxf6 gxf6 40. Be6+
Kf8 41. Bxd5 Qxe1 42. Rxe1 cxd5 43. Rd1 Nb5 44. Rxd5 c3 45. Rd1 Nxa3 46. Kf2 Nc2
47. Rc1 Nxb4 48. Rxc3 Nd5 49. Rd3 Nb4 50. Rd7 a5 51. Rxh7 a4 52. Ra7 Nd3+
53. Ke3 Nb2 54. Kd4 b5 55. Kc3 Nc4 56. Kb4 Nd6 57. Rd7 Ne4 58. Kxb5 a3 59. Ra7
a2 60. Kb4 Nd2 61. Rxa2 Nf1 62. Re2 Kf7 63. Kc4 Kg6 64. g4 f5 65. g5 Kh5 66. Kd5
Kg4 67. g6 Kf3 68. Re1 Nxh2 69. Rg1 0-1

[Event "POHÁR města Říčany 2022"]
[Site "Městské kulturní středisko U labutě"]
[Date "2022.08.29"]
[Round "4.15"]
[White "Svetly, Jiri"]
[Black "Rousek, Jan"]
[Result "0-1"]
[WhiteElo "1825"]
[BlackElo "2040"]
[PlyCount "0"]
[EventDate "2022.08.27"]

1. d4 Nf6 2. c4 g6 3. Nc3 d5 4. cxd5 Nxd5 5. Bd2 Nb6 6. e4 Qxd4 7. Qc2 Qd8
8. Rd1 Bd7 9. Nb5 Nc6 10. Bc3 e5 11. f4 Bg7 12. Nf3 a6 13. Na3 O-O 14. f5 gxf5
15. exf5 e4 16. Bxg7 Kxg7 17. Nd4 Nxd4 18. Rxd4 Qf6 19. Qf2 e3 20. Qh4 Qxh4+
21. Rxh4 Bxf5 22. Be2 Rad8 23. Rf4 Bg6 24. g4 Rd2 25. h4 h6 26. h5 Bh7 27. Bc4
Rfd8 28. Rxf7+ Kg8 29. Rxc7+ Nxc4 30. Nxc4 Rd1+ 31. Ke2 Rxh1 32. Kxe3 Rdd1
33. b3 b5 0-1

[Event "POHÁR města Říčany 2022"]
[Site "Městské kulturní středisko U labutě"]
[Date "2022.08.29"]
[Round "4.16"]
[White "Gacho, Ondrej"]
[Black "Elias, Jakub"]
[Result "0-1"]
[WhiteElo "1517"]
[BlackElo "1982"]
[PlyCount "0"]
[EventDate "2022.08.27"]

1. e4 c5 2. Nf3 e6 3. d4 cxd4 4. Nxd4 Nf6 5. Nc3 Nc6 6. Nxc6 bxc6 7. Be2 d5
8. Bf3 Bb4 9. Bd2 Ba6 10. exd5 cxd5 11. a3 Be7 12. Bf4 Qb6 13. Rb1 Rc8 14. Be2
Bxe2 15. Nxe2 Ne4 16. O-O O-O 17. b4 Bf6 18. Be3 Qc7 19. f3 Nd6 20. Bc5 Rfd8
21. Nd4 e5 22. Bxd6 Qxd6 23. Nb3 Qc7 24. Rf2 Qb6 25. Kf1 Qa6+ 26. Qd3 Qxa3
27. Nc5 Qxd3+ 28. cxd3 Be7 29. Ra2 Bxc5 30. bxc5 Rxc5 31. Rxa7 g6 32. Rbb7 Rf8
33. Re7 d4 34. h4 Rc3 35. Ke2 Rc2+ 36. Kf1 Rb8 37. Rxe5 Rb1+ 38. Re1 Rbb2
39. Ree7 Rf2+ 40. Ke1 Rxg2 0-1

[Event "POHÁR města Říčany 2022"]
[Site "Městské kulturní středisko U labutě"]
[Date "2022.08.29"]
[Round "4.17"]
[White "Plasil, Petr"]
[Black "Hlavacek, Ondrej"]
[Result "1-0"]
[WhiteElo "1963"]
[BlackElo "1831"]
[PlyCount "0"]
[EventDate "2022.08.27"]

1. d4 d5 2. c4 c6 3. Nc3 Nf6 4. Nf3 e6 5. e3 Nbd7 6. Bd3 dxc4 7. Bxc4 b5 8. Bd3
a6 9. e4 c5 10. e5 Nd5 11. O-O Bb7 12. Re1 cxd4 13. Nxd5 Bxd5 14. Nxd4 Bb4
15. Bd2 Qa5 16. Nb3 Qa4 17. Be4 Bxd2 18. Bxd5 exd5 19. Qxd2 O-O 20. Qxd5 Nb6
21. Qf3 Qh4 22. Re4 Qg5 23. Rae1 Nc4 24. Qe2 f5 25. f4 Qd8 26. Rd4 Qb6 27. Kh1
a5 28. a4 Rfd8 29. Red1 Nxb2 30. Qxb2 bxa4 31. Rxd8+ Rxd8 32. Rxd8+ Qxd8 33. Qd4
Qh4 34. Qd5+ Kf8 35. g3 Qh3 36. Nd2 Qg4 37. Nf3 h5 38. Ng5 1-0

[Event "POHÁR města Říčany 2022"]
[Site "Městské kulturní středisko U labutě"]
[Date "2022.08.29"]
[Round "4.18"]
[White "Siles, Jan"]
[Black "Steiner, Juraj"]
[Result "1-0"]
[WhiteElo "1780"]
[BlackElo "2005"]
[PlyCount "0"]
[EventDate "2022.08.27"]

1. d4 d5 2. Nf3 Nf6 3. c4 e6 4. Nc3 Be7 5. Bf4 O-O 6. e3 a6 7. h3 b6 8. Bd3 Bb7
9. O-O Qd7 10. Rc1 c5 11. a4 Qe8 12. Qe2 Ne4 13. Rfd1 f5 14. cxd5 Nxc3 15. bxc3
exd5 16. c4 dxc4 17. Bxc4+ Kh8 18. d5 Bf6 19. Rb1 Qg6 20. Bc7 Bc3 21. d6 Be4
22. Rb3 Be5 23. Nh4 Qg5 24. Rxb6 Qxh4 25. f3 Bc6 26. Be6 Bd7 27. Bxd7 Nxd7
{vynechany tahy obou souperu} 1-0

[Event "POHÁR města Říčany 2022"]
[Site "Městské kulturní středisko U labutě"]
[Date "2022.08.29"]
[Round "4.19"]
[White "Hejsek, Lukas"]
[Black "Horyna, Josef"]
[Result "1-0"]
[WhiteElo "1994"]
[BlackElo "1694"]
[PlyCount "0"]
[EventDate "2022.08.27"]

1. d4 e6 2. Nf3 c5 3. c4 Nc6 4. Nc3 cxd4 5. Nxd4 Nf6 6. g3 d5 7. Bg2 Bb4 8. O-O
Bxc3 9. bxc3 Nxd4 10. cxd4 O-O 11. Bg5 dxc4 12. Rb1 Qa5 13. Bxf6 gxf6 14. e4 e5
15. Qh5 Qd2 16. dxe5 Qg5 17. Qxg5+ fxg5 18. f4 gxf4 19. gxf4 Bg4 20. Rxb7 Rfb8
21. Rxb8+ Rxb8 22. Bf3 Bxf3 23. Rxf3 Rb1+ 24. Rf1 Rb2 25. Rc1 Rxa2 26. Rxc4 a5
27. f5 Kg7 28. Rc8 1-0

[Event "POHÁR města Říčany 2022"]
[Site "Městské kulturní středisko U labutě"]
[Date "2022.08.29"]
[Round "4.20"]
[White "Hampl, David"]
[Black "Vavrinec, Tomas"]
[Result "1/2-1/2"]
[WhiteElo "1639"]
[BlackElo "1911"]
[PlyCount "0"]
[EventDate "2022.08.27"]

1. d4 e6 2. Nc3 d5 3. Bf4 Nf6 4. e3 Be7 5. g4 a6 6. Bd3 c5 7. dxc5 Bxc5 8. g5
Nfd7 9. Qh5 Nf8 10. Nf3 Nc6 11. Ne5 Nxe5 12. Bxe5 g6 13. Qh6 Rg8 14. O-O-O Bd7
15. e4 d4 16. Ne2 Qb6 17. Bf6 Bb5 18. Nxd4 Nd7 19. Nxb5 axb5 20. Qxh7 Nxf6
21. gxf6 Rf8 22. Kb1 Qa5 23. a3 b4 24. b3 bxa3 25. Ka2 O-O-O 26. Qh3 Qc3 27. Rb1
Rd4 28. b4 Rxb4 29. Rxb4 Qxb4 30. Rb1 Qd4 31. Qf3 e5 32. Rb3 Rh8 33. Qg3 Kc7
34. f4 exf4 35. Qxf4+ Bd6 36. Qg5 Be5 37. Qc1 Bd6 38. Qg5 Rh5 39. Qd2 Be5
40. Qc1 Bd6 41. Qd2 Rc5 42. Rxa3 Rb5 43. Qc3+ Qxc3 44. Rxc3+ Rc5 45. Rxc5+ Bxc5
46. Bc4 g5 47. Bxf7 Bd4 48. Be6 Bc5 49. Bd5 b6 1/2-1/2

[Event "POHÁR města Říčany 2022"]
[Site "Městské kulturní středisko U labutě"]
[Date "2022.08.29"]
[Round "4.21"]
[White "Bartos, Vaclav"]
[Black "Bara, Jan"]
[Result "0-1"]
[WhiteElo "1889"]
[BlackElo "1592"]
[PlyCount "0"]
[EventDate "2022.08.27"]

1. d4 Nf6 2. c4 g6 3. Nc3 d5 4. Nf3 Bg7 5. Bf4 c6 6. e3 O-O 7. Bd3 Nbd7 8. O-O
dxc4 9. Bxc4 b5 10. Bd3 a6 11. b4 Nb6 12. e4 Bg4 13. Be3 Re8 14. Be2 Bxf3
15. Bxf3 Nc4 16. Bf4 e5 17. dxe5 Nxe5 18. Be2 a5 19. Qb3 axb4 20. Qxb4 Qa5
21. a3 Ned7 22. f3 Qxb4 23. axb4 Rxa1 24. Rxa1 Nxe4 25. fxe4 Bxc3 26. Rc1 Bxb4
27. Bg4 Nc5 0-1

[Event "POHÁR města Říčany 2022"]
[Site "Městské kulturní středisko U labutě"]
[Date "2022.08.29"]
[Round "4.22"]
[White "Strnadova, Monika"]
[Black "Maslo, Ondrej"]
[Result "1-0"]
[WhiteElo "1564"]
[BlackElo "1870"]
[PlyCount "0"]
[EventDate "2022.08.27"]

1. e4 c5 2. Nf3 Nc6 3. d4 cxd4 4. Nxd4 g6 5. Be3 Bg7 6. Nc3 Nf6 7. Nb3 O-O
8. Be2 a6 9. a4 a5 10. O-O Nb4 11. f4 d6 12. Bf3 h5 13. h3 Nc6 14. Qe1 Be6
15. Rd1 Nb4 16. Nd4 Bc4 17. Rf2 Qb8 18. b3 Ba6 19. g4 hxg4 20. hxg4 Qc8 21. f5
e5 22. fxe6 fxe6 23. g5 Nd7 24. Bg4 Nc5 25. Nd5 Nxd5 26. exd5 Rxf2 27. Bxf2 Bxd4
28. Bxd4 Qc7 29. Bxe6+ Nxe6 30. Qxe6+ Qf7 31. Re1 Rf8 32. Bf6 b5 33. Qh3 Qa7+
34. Kh1 Rxf6 35. gxf6 Kf7 36. Qh7+ 1-0

[Event "POHÁR města Říčany 2022"]
[Site "Městské kulturní středisko U labutě"]
[Date "2022.08.29"]
[Round "4.23"]
[White "Jankovsky, Zbynek"]
[Black "Skala, Jaromir"]
[Result "1/2-1/2"]
[WhiteElo "1552"]
[BlackElo "1862"]
[PlyCount "0"]
[EventDate "2022.08.27"]

1. f4 e5 2. e4 Bc5 3. Nf3 d6 4. Bc4 Nf6 5. Nc3 Nc6 6. d3 a6 7. a3 b5 8. Ba2 O-O
9. b4 Bb6 10. Nd5 Nxd5 11. Bxd5 Bd7 12. c3 exf4 13. Bxf4 Qf6 14. Qd2 a5 15. Ke2
axb4 16. axb4 Rxa1 17. Rxa1 Ne5 18. Bg5 Qg6 19. Nxe5 dxe5 20. Rf1 c6 21. Bb3
1/2-1/2

[Event "POHÁR města Říčany 2022"]
[Site "Městské kulturní středisko U labutě"]
[Date "2022.08.29"]
[Round "4.24"]
[White "Kalveus, Jan"]
[Black "Tichy, Tomas"]
[Result "0-1"]
[WhiteElo "1790"]
[BlackElo "1535"]
[PlyCount "0"]
[EventDate "2022.08.27"]

1. d4 d5 2. Nf3 Nf6 3. Bf4 c5 4. e3 Nc6 5. Be2 Qb6 6. b3 e6 7. O-O cxd4 8. exd4
Bd7 9. c3 Rc8 10. Nbd2 Be7 11. Qc2 O-O 12. Bd3 h6 13. Rfe1 a5 14. Nf1 Na7
15. Qd2 Bc6 16. Ng3 h5 17. Bg5 g6 18. Qc2 Be8 19. Bh6 Nb5 20. Bxb5 Bxb5 21. Bxf8
Bxf8 22. Qd2 Ba3 23. Rad1 Qc7 24. Qg5 Be7 25. Qe3 a4 26. h3 axb3 27. axb3 Bd6
28. Ne5 Nd7 29. Nxd7 Qxd7 30. Nf1 Qc7 31. g3 Kh7 32. Rc1 h4 33. Qg5 hxg3
34. fxg3 Kg7 35. Re3 Bd7 36. Rf3 f5 37. c4 dxc4 38. bxc4 Bc6 39. Rf2 Be7 40. Qe3
Bf6 41. d5 Bxd5 42. Rfc2 Be4 43. Re2 Rd8 44. Rd2 Be5 45. Rxd8 Qxd8 46. Kh2 Bd4
47. Qe2 Qb6 48. Nd2 Bd3 0-1

[Event "POHÁR města Říčany 2022"]
[Site "Městské kulturní středisko U labutě"]
[Date "2022.08.29"]
[Round "4.25"]
[White "Mrazek, Adam"]
[Black "Pavlicek, Petr"]
[Result "1-0"]
[WhiteElo "1546"]
[BlackElo "1781"]
[PlyCount "0"]
[EventDate "2022.08.27"]

1. d4 d5 2. c4 e6 3. Nc3 Be7 4. Nf3 Nf6 5. Bg5 O-O 6. e3 h6 7. Bh4 b6 8. cxd5
Nxd5 9. Bxe7 Qxe7 10. Nxd5 exd5 11. Bd3 Bg4 12. O-O Qf6 13. Rc1 c6 14. b4 Nd7
15. Be2 Rac8 16. Qb3 Bf5 17. Rc3 Rfe8 18. Rfc1 Qd6 19. Qa4 b5 20. Qa6 Nb6
21. Ne5 Nc4 22. a4 Rc7 23. axb5 Nxe5 24. dxe5 Qxb4 25. Rxc6 Rxc6 26. bxc6 Rc8
27. h3 Qb2 28. Rc5 Qxe5 29. Qxa7 Rc7 30. Qb6 Kh7 31. Rxd5 Qa1+ 32. Kh2 Be6
33. Bd3+ g6 34. Qxc7 Bxd5 35. Qd6 Be6 36. c7 Qc3 37. Ba6 Kg7 38. Qd4+ 1-0

[Event "POHÁR města Říčany 2022"]
[Site "Městské kulturní středisko U labutě"]
[Date "2022.08.29"]
[Round "4.26"]
[White "Pejrimovsky, Tadeas Rubel"]
[Black "Taborsky, Rostislav"]
[Result "0-1"]
[WhiteElo "1716"]
[BlackElo "2192"]
[PlyCount "0"]
[EventDate "2022.08.27"]

1. e4 c5 2. b4 cxb4 3. a3 d5 4. exd5 Qxd5 5. Nf3 e5 6. c4 Qe6 7. Bd3 Nc6 8. O-O
f6 9. Re1 Bc5 10. Bf1 Nge7 11. Bb2 Qd6 12. axb4 Bxb4 13. Nc3 Bg4 14. Nb5 Qd7
15. Qb3 Bxf3 16. Qxf3 O-O 17. Red1 a6 18. Qb3 Bc5 19. Na3 Rfd8 20. Be2 Kh8
21. Bc3 a5 22. h4 b6 23. h5 h6 24. g3 Bd4 25. Bxd4 exd4 26. Ra2 a4 27. Qf3 Ra5 0-1

[Event "POHÁR města Říčany 2022"]
[Site "Městské kulturní středisko U labutě"]
[Date "2022.08.29"]
[Round "4.27"]
[White "Feierfeil, Jiri"]
[Black "Petrun, Milan"]
[Result "0-1"]
[WhiteElo "1684"]
[BlackElo "1880"]
[PlyCount "0"]
[EventDate "2022.08.27"]

1. d4 c5 2. d5 Nf6 3. c4 b5 4. cxb5 a6 5. bxa6 Bxa6 6. Nc3 g6 7. g3 Bg7 8. Bg2
d6 9. Nf3 Nbd7 10. O-O O-O 11. Re1 Ng4 12. Qc2 Nge5 13. Nd2 Qa5 14. f4 Ng4
15. Nf3 e5 16. h3 Nh6 17. e3 exf4 18. exf4 Nf5 19. Kh2 Nd4 20. Qd1 Nb6 21. Nxd4
cxd4 22. Nb1 Rfe8 23. Bd2 Rxe1 24. Bxe1 Qb5 25. b3 Re8 26. Bf3 Qc5 27. Nd2 Nxd5
28. Ne4 Qc7 29. Rc1 Qd7 30. Bf2 f5 31. Ng5 Nc3 32. Rxc3 dxc3 33. Bd5+ Kh8
34. Nxh7 0-1

[Event "POHÁR města Říčany 2022"]
[Site "Městské kulturní středisko U labutě"]
[Date "2022.08.29"]
[Round "4.28"]
[White "Tejkal, Jiri"]
[Black "Pejrimovska, Viola Ruby"]
[Result "1-0"]
[WhiteElo "1869"]
[BlackElo "1626"]
[PlyCount "0"]
[EventDate "2022.08.27"]

1. d4 Nf6 2. c4 g6 3. Nc3 Bg7 4. e4 d6 5. f3 O-O 6. Be3 e5 7. Nge2 Nc6 8. Qd2
Nd7 9. d5 Ne7 10. g4 a5 11. h4 Nc5 12. Ng3 f5 13. gxf5 gxf5 14. Nh5 Ng6 15. Nxg7
fxe4 16. Ne6 Nxe6 17. dxe6 exf3 18. O-O-O Bxe6 19. Bg5 Qe8 20. h5 Nf4 21. Bxf4
Rxf4 22. Nd5 Bxd5 23. Qxd5+ Kh8 24. Bd3 Qe7 25. Be4 c6 26. Qd3 f2 27. Rhf1 Rg8
28. Qe3 Rgg4 29. Bd3 Qf6 30. Qa7 Qg5 31. Kb1 Rg1 32. Qb8+ Kg7 33. Qxb7+ {dal
necitelne} 1-0

[Event "POHÁR města Říčany 2022"]
[Site "Městské kulturní středisko U labutě"]
[Date "2022.08.29"]
[Round "4.29"]
[White "Zemen, Pavel"]
[Black "Koper, Stefan"]
[Result "1-0"]
[WhiteElo "1731"]
[BlackElo "1823"]
[PlyCount "0"]
[EventDate "2022.08.27"]

1. e4 c6 2. d4 Na6 3. Nf3 Nc7 4. Bd3 d5 5. Nbd2 Bg4 6. c3 e6 7. O-O Nf6 8. e5
Nd7 9. Re1 Be7 10. Nf1 Bh5 11. Ng3 Bg6 12. Ne2 c5 13. Nf4 c4 14. Bxg6 hxg6
15. Nh3 Nf8 16. Nfg5 Nh7 17. Nxh7 Rxh7 18. Qg4 Kd7 19. Re3 Qh8 20. Rf3 Rf8
21. Bd2 Rh5 22. Re1 Ke8 23. Bg5 Bxg5 24. Nxg5 Rxh2 25. Nh3 Rxh3 26. Rxh3 Qg8
27. Qd1 b5 28. a4 a6 29. axb5 axb5 30. Qa1 Kd7 31. Qa3 Ra8 32. Qd6+ Kc8 33. Rf3
Qe8 34. Rh3 Ra6 35. Qb4 Kd7 36. b3 cxb3 37. Qxb3 Qf8 38. Qb2 Qa3 39. Qd2 Qa2
40. Qf4 Qc2 41. Qxf7+ Kc6 42. Qe7 Ra2 43. Rf3 Qd2 44. Rf1 Kb7 45. Qc5 Ra6
46. Rb1 Qe2 47. Rf7 Rc6 48. Rxb5+ Kc8 49. Qf8+ 1-0